1306 1664 1870 1712 1973 1674 1524 1751 1823 1558 1789 1674 1839 1945 1727 1816 1155 1513 1909 1317 1647 1777 1174 1853 1176 1006 1343 1929 1425 1429 1492 1185 1725 1672 1923 1515 1980 1741 1820 1149 1004 1961 1837 1529 1764 1414 1203 1904 1297 1562 1564 1790 1369 1696 1123 1184 1002 1475 1034 1100 1962 1053 1113 1092 1532 1631 1732 1639 1951 1289 1180 1201 1618 1022 1680 1451 1637 1806 1461 1162 1553 1089 1214 1385 1063 1238 1147 1427 1116 1418 1572 1438 1373 1961 1142 1828 1916 1982 1646 BCNSPRNW ULIB Ver.6.0+V

เปลี่ยนเป็นภาษาไทย

Change to English
 แสดงรายละเอียดบรรณานุกรม
  กลับหน้าหลัก

Brief Record : Get Marc (ISO 2709) : E-mail record : QR code < ปิดหน้าต่าง
LEADER : 00000nam 2200000uu 4500
001    13399126587
003     ULIB
008    020711s2561 th a 000 0 tha d
020    ^a9786163660510
050    ^aนว^bด179ม
100    ^aดวงตะวัน
245    ^aมังกรเริงจันทร์ ชุดซีรีส์ราชสีห์/^cดวงตะวัน
260    ^aกรุงเทพฯ :^bดวงตะวัน,^c2561
300    ^a515 หน้า;^b21 ซม.
490 0  ^aราชสีห์ ;^v7
650    ^aนวนิยาย
945    ^p370^l0^i004782
999    ^aประนอม เกษจรัล
รายการนี้ยังไม่มีแท็ก
คุณยังไม่ได้ล็อกอิน คุณสามารถมีกิจกรรมร่วมกับเว็บไซต์ได้ แต่ต้องล็อกอินก่อน ::
  ล็อกอิน

รายการสื่อสารสนเทศ

ลำดับที่ ประเภท เลขเรียก/บาร์โค้ด สถานที่ สถานะ
1. นวนิยาย
นวนิยาย
นว ด179ม ฉ.1 
  Barcode: 004782
ห้องสมุดวิทยาเขตสวรรค์ประชารักษ์
►นวนิยาย
บนชั้น
  ขอยืม

รายการใกล้เคียง
    ผู้แต่ง [ดวงตะวัน]

    หัวเรื่อง [นวนิยาย]

BibComment


ยังไม่เคยถูกคอมเมนท์

คอมเมนท์ทรัพยากรรายการนี้
  คอมเมนท์: มังกรเริงจันทร์ ..


 Copyright 2026. Bcnsprnw @Library